000 00894nam a2200229Ia 4500
005 20250108125017.0
008 008 250107s9999 xx 000 0 hin d
020 _a978-984-506-391-3
037 _aTB
040 _aCRL
_bhin
_cCRL
041 _ahin
_2hin
084 _aX:77:(T4) R4
084 _qCRL
100 _aसरस्वती, निरंजनानन्द, ले.
245 0 _aयोग दर्शन: योग औपनिषदीय दृष्टिकोण
_cसरस्वती, निरंजनानन्द, ले.
260 _aबिहार, भारत
_bयोग पब्लिकेशन्स ट्रस्ट
_c2988
300 _a457पृ0
365 _aINR
_b400
650 _aआध्यात्मिक अनुभव और रहस्यवाद
942 _cTB
_hX:77:(T4) R4
999 _c1235376
_d1235376